[Event "CZE-chT2B 2223"]
[Site "Czech Republic"]
[Date "2023.02.05"]
[Round "8.7"]
[White "Prochazka, Dalibor"]
[Black "Lorencova, Vera"]
[Result "0-1"]
[WhiteElo "2160"]
[BlackElo "1864"]
[PlyCount "187"]
[EventDate "2022.10.16"]
[EventType "team-tourn"]
[EventRounds "11"]
[EventCountry "CZE"]
[SourceTitle "EXT 2024"]
[Source "ChessBase"]
[SourceDate "2023.10.10"]
[SourceVersion "1"]
[SourceVersionDate "2023.10.10"]
[SourceQuality "1"]
[WhiteTeam "Karlovy Vary Tietz"]
[BlackTeam "Karlovy Vary"]
[WhiteTeamCountry "CZE"]
[BlackTeamCountry "CZE"]

1. d4 Nf6 2. Nf3 g6 3. Bf4 Bg7 4. Nc3 c5 5. dxc5 Qa5 6. e4 Nxe4 7. Nd2 Nxc3 8. bxc3 Qxc3 9. Rb1 Qxc5 10. Bd3 0-0 11. h4 e5 12. Be3 Qe7 13. h5 d5 14. hxg6 fxg6 15. Rxh7 e4 16. Rxg7+ Qxg7 17. Nxe4 dxe4 18. Bc4+ Kh7 19. Qd6 Rf5 20. g4 Qe5 21. Qd8 Qa5+ 22. Qd2 Qxd2+ 23. Kxd2 Re5 24. Bd4 Nc6 25. Bc3 g5 26. Bxe5 Nxe5 27. Bd5 Nxg4 28. Bxe4+ Kg7 29. Rb5 Kf6 30. f3 Ne5 31. Ke2 Rb8 32. Rd5 Be6 33. Rd6 Ke7 34. Rd1 Bxa2 35. Ra1 Bc4+ 36. Ke3 a6 37. Kd4 Ke6 38. Rh1 Rd8+ 39. Kc5 Rc8+ 40. Kb6 Rf8 41. Rh5 Nxf3 42. Bxf3 Rxf3 43. Rxg5 Bd5 44. c4 Bc6 45. Rg1 Ke5 46. Kc5 Ke4 47. Rd1 Ke3 48. Rd6 Rf2 49. Kb4 Rd2 50. Re6+ Kd3 51. Kb3 Re2 52. Rd6+ Ke3 53. Kc3 Rh2 54. Re6+ Be4 55. Re7 a5 56. Rd7 a4 57. Kb4 Rb2+ 58. Ka3 Rb3+ 59. Ka2 Rb4 60. c5 Rb5 61. Rc7 Kd4 62. Ka3 Bc6 63. Kxa4 Rxc5+ 64. Kb4 Rb5+ 65. Ka3 Kc3 66. Ka2 Rc5 67. Re7 Bd5+ 68. Kb1 Rc4 69. Re3+ Kd2 70. Rh3 Rb4+ 71. Ka1 Rc4 72. Kb2 b5 73. Rh5 Bc6 74. Kb3 Rf4 75. Rc5 Be8 76. Re5 Bf7+ 77. Kb2 Bc4 78. Re8 Rf3 79. Rh8 Rb3+ 80. Ka1 Ra3+ 81. Kb2 Rb3+ 82. Ka1 b4 83. Rh1 Kc2 84. Rh2+ Kc3 85. Ra2 Rb1+ 86. Kxb1 Bxa2+ 87. Kxa2 Kc2 88. Ka1 Kc3 89. Ka2 Kc2 90. Ka1 Kb3 91. Kb1 Ka3 92. Ka1 b3 93. Kb1 b2 94. Kc2 0-1

[Event "CZE-ch Betsys Online Blitz"]
[Site "Chess.com INT"]
[Date "2021.04.17"]
[Round "1"]
[White "Richterova, Natasa"]
[Black "Lorencova, Vera"]
[Result "1-0"]
[WhiteElo "2188"]
[BlackElo "1880"]
[PlyCount "69"]
[EventDate "2021.04.17"]
[EventType "swiss (blitz)"]
[EventRounds "13"]
[EventCountry "CZE"]
[SourceTitle "CBM 201 Extra"]
[Source "ChessBase"]
[SourceDate "2021.05.31"]
[SourceVersion "1"]
[SourceVersionDate "2021.05.31"]
[SourceQuality "1"]

1. e4 d5 2. exd5 Nf6 3. Bb5+ Bd7 4. Bxd7+ Nbxd7 5. c4 g6 6. Nf3 Bg7 7. 0-0 0-0 8. d4 b5 9. b3 bxc4 10. bxc4 Rb8 11. Nc3 Nb6 12. Qd3 Qd7 13. Ne5 Qe8 14. Nc6 Rc8 15. Nxa7 Ra8 16. Nab5 Na4 17. Nxc7 Qc8 18. Nxa8 Qxa8 19. Nxa4 Qxa4 20. Bg5 Rc8 21. Rfc1 Qa7 22. a4 Ng4 23. c5 Qc7 24. d6 exd6 25. cxd6 Qd7 26. Rxc8+ Qxc8 27. h3 Nh6 28. Bxh6 Bxh6 29. Qb5 Bg7 30. d7 Qd8 31. Re1 Bf8 32. Re8 Qc7 33. Rxf8+ Kxf8 34. Qc5+ Qxc5 35. dxc5 1-0

[Event "GER-ch international (Women)"]
[Site "Bodenmais"]
[Date "2018.07.30"]
[Round "3"]
[White "Lorencova, Vera"]
[Black "Von Herman, Brigitte"]
[Result "1-0"]
[WhiteElo "1862"]
[BlackElo "2068"]
[PlyCount "39"]
[EventDate "2018.07.28"]
[EventType "swiss"]
[EventRounds "9"]
[EventCountry "GER"]
[SourceTitle "EXT 2019"]
[Source "ChessBase"]
[SourceDate "2018.10.10"]
[SourceVersion "1"]
[SourceVersionDate "2018.10.10"]
[SourceQuality "1"]

1. e4 e5 2. Nf3 d6 3. d4 exd4 4. Nxd4 Nf6 5. Nc3 Be7 6. Be2 0-0 7. Be3 c6 8. Qd2 d5 9. exd5 Nxd5 10. Nxd5 Qxd5 11. Bf3 Qe5 12. 0-0-0 Rd8 13. Bf4 Qf6 14. Qe3 Bc5 15. Rhe1 Be6 16. Be5 Qe7 17. Bxg7 Na6 18. Qh6 Bxd4 19. Rxd4 Rxd4 20. Bxd4 1-0

[Event "CZE-chT2A 1516"]
[Site "Czech Republic"]
[Date "2016.01.10"]
[Round "5.5"]
[White "Vasicek, Martin"]
[Black "Lorencova, Vera"]
[Result "1/2-1/2"]
[WhiteElo "2121"]
[BlackElo "1912"]
[PlyCount "48"]
[EventDate "2015.10.18"]
[EventType "team-tourn"]
[EventRounds "11"]
[EventCountry "CZE"]
[SourceTitle "EXT 2022"]
[Source "ChessBase"]
[SourceDate "2021.10.06"]
[SourceVersion "1"]
[SourceVersionDate "2021.10.06"]
[SourceQuality "1"]
[WhiteTeam "Klatovy"]
[BlackTeam "Karlovy Vary"]
[WhiteTeamCountry "CZE"]
[BlackTeamCountry "CZE"]

1. d4 Nf6 2. Nf3 c5 3. c3 e6 4. Bg5 d5 5. e3 Nbd7 6. Nbd2 Be7 7. Bd3 Qc7 8. 0-0 0-0 9. e4 dxe4 10. Nxe4 Re8 11. dxc5 Nxe4 12. Bxe4 Nxc5 13. Bc2 b6 14. b4 Nd7 15. Qd3 Nf8 16. Rfd1 Bb7 17. Bxe7 Qxe7 18. Rac1 Qf6 19. Qe3 Bxf3 20. Qxf3 Qxf3 21. gxf3 Red8 22. Kf1 Ng6 23. Bxg6 hxg6 24. Ke2 Kf8 1/2-1/2

[Event "CZE-chT2A 1516"]
[Site "Czech Republic"]
[Date "2015.12.06"]
[Round "4.5"]
[White "Lorencova, Vera"]
[Black "Vyprachticky, David"]
[Result "0-1"]
[WhiteElo "1912"]
[BlackElo "2193"]
[PlyCount "60"]
[EventDate "2015.10.18"]
[EventType "team-tourn"]
[EventRounds "11"]
[EventCountry "CZE"]
[SourceTitle "EXT 2022"]
[Source "ChessBase"]
[SourceDate "2021.10.06"]
[SourceVersion "1"]
[SourceVersionDate "2021.10.06"]
[SourceQuality "1"]
[WhiteTeam "Karlovy Vary"]
[BlackTeam "Praha Oaza"]
[WhiteTeamCountry "CZE"]
[BlackTeamCountry "CZE"]

1. e4 e5 2. d4 exd4 3. Nf3 Nc6 4. Nxd4 Bc5 5. Be3 Qf6 6. c3 Nge7 7. Bc4 Ne5 8. Be2 Qg6 9. Nb5 Bxe3 10. Nxc7+ Kd8 11. Nxa8 Qxg2 12. Rf1 Bf4 13. Nd2 N7c6 14. Qb3 Bxd2+ 15. Kxd2 Qxe4 16. f4 Na5 17. Qd1 Nec4+ 18. Bxc4 Nxc4+ 19. Kc1 Qg2 20. Rb1 Ne3 21. Rg1 Qf2 22. Qa4 Qxg1+ 23. Kd2 Qf2+ 24. Kd3 Qc2+ 25. Qxc2 Nxc2 26. Kxc2 d6 27. Rd1 Bf5+ 28. Kc1 Kd7 29. Rd5 Be4 30. Rd4 Bc6 0-1

[Event "CZE-chT2A 1516"]
[Site "Czech Republic"]
[Date "2015.11.08"]
[Round "2.5"]
[White "Lorencova, Vera"]
[Black "Tichy, Stepan"]
[Result "1/2-1/2"]
[WhiteElo "1912"]
[BlackElo "2152"]
[PlyCount "83"]
[EventDate "2015.10.18"]
[EventType "team-tourn"]
[EventRounds "11"]
[EventCountry "CZE"]
[SourceTitle "EXT 2022"]
[Source "ChessBase"]
[SourceDate "2021.10.06"]
[SourceVersion "1"]
[SourceVersionDate "2021.10.06"]
[SourceQuality "1"]
[WhiteTeam "Karlovy Vary"]
[BlackTeam "Karlovy Vary Tietz"]
[WhiteTeamCountry "CZE"]
[BlackTeamCountry "CZE"]

1. e4 e6 2. d3 Ne7 3. f4 d5 4. Nd2 b6 5. g3 Bb7 6. Bg2 Nd7 7. e5 Nf5 8. Ndf3 c5 9. Ne2 Be7 10. 0-0 h5 11. c3 Qc7 12. Bd2 0-0-0 13. b4 f6 14. d4 c4 15. a4 a6 16. Re1 Rdg8 17. Qc1 Qd8 18. Kf2 Qf8 19. Neg1 Qf7 20. Bh3 fxe5 21. dxe5 Rf8 22. Ne2 g5 23. Bxf5 Qxf5 24. Ned4 Qh3 25. Kg1 h4 26. gxh4 gxf4 27. Re2 Bxh4 28. Qf1 Qg4+ 29. Rg2 Qh5 30. Nxe6 d4 31. Qxc4+ Kb8 32. Qc7+ Ka7 33. Nexd4 Rfg8 34. Qxd7 Rxg2+ 35. Kxg2 Rg8+ 36. Kh1 Ka8 37. Rf1 Bg3 38. h3 Rh8 39. b5 Bc8 40. Qc6+ Bb7 41. Qd7 Bc8 42. Qc6+ 1/2-1/2

[Event "CZE-chT2A 1516"]
[Site "Czech Republic"]
[Date "2015.10.18"]
[Round "1.6"]
[White "Lorencova, Vera"]
[Black "Bakalar, Petr"]
[Result "0-1"]
[WhiteElo "1912"]
[BlackElo "2241"]
[PlyCount "58"]
[EventDate "2015.10.18"]
[EventType "team-tourn"]
[EventRounds "11"]
[EventCountry "CZE"]
[SourceTitle "EXT 2022"]
[Source "ChessBase"]
[SourceDate "2021.10.06"]
[SourceVersion "1"]
[SourceVersionDate "2021.10.06"]
[SourceQuality "1"]
[WhiteTeam "Karlovy Vary"]
[BlackTeam "Unichess III"]
[WhiteTeamCountry "CZE"]
[BlackTeamCountry "CZE"]

1. e4 c5 2. Nc3 Nc6 3. g3 g6 4. Bg2 Bg7 5. d3 Rb8 6. Be3 d6 7. Nge2 Nd4 8. 0-0 b5 9. Qd2 e6 10. Nd1 Nxe2+ 11. Qxe2 Ne7 12. Qd2 Qb6 13. Bh6 0-0 14. h4 d5 15. h5 d4 16. Bf3 e5 17. Kg2 f5 18. exf5 Bxf5 19. Rh1 c4 20. g4 Bd7 21. hxg6 Qxg6 22. Bxg7 Qxg7 23. Qe2 Rxf3 24. dxc4 Bxg4 25. Kf1 Rbf8 26. Qe4 Bh3+ 27. Ke2 Qg2 28. Re1 Re3+ 29. Nxe3 Qxe4 0-1

[Event "Vsetin op 40th"]
[Site "Vsetin"]
[Date "2015.07.08"]
[Round "6"]
[White "Lorencova, Vera"]
[Black "Gresova, Zuzana"]
[Result "1-0"]
[WhiteElo "1917"]
[BlackElo "1778"]
[PlyCount "47"]
[EventDate "2015.07.04"]
[EventType "swiss"]
[EventRounds "9"]
[EventCountry "CZE"]
[SourceTitle "CBM 167 Extra"]
[Source "ChessBase"]
[SourceDate "2015.09.14"]
[SourceVersion "1"]
[SourceVersionDate "2015.09.14"]
[SourceQuality "1"]

1. e4 c5 2. Nc3 Nc6 3. g3 g6 4. Bg2 Bg7 5. d3 d6 6. Be3 Bd7 7. Qd2 Rb8 8. Nge2 b5 9. 0-0 b4 10. Nd1 h5 11. f4 Nf6 12. Nf2 0-0 13. d4 cxd4 14. Nxd4 Nxd4 15. Bxd4 a5 16. Rad1 Be6 17. b3 Rc8 18. Rc1 Nd7 19. Bxg7 Kxg7 20. f5 gxf5 21. Qg5+ Kh8 22. Qxh5+ Kg7 23. Qg5+ Kh7 24. exf5 1-0

[Event "Vsetin op 40th"]
[Site "Vsetin"]
[Date "2015.07.06"]
[Round "3"]
[White "Lorencova, Vera"]
[Black "Bombek, Peter"]
[Result "0-1"]
[WhiteElo "1917"]
[BlackElo "2153"]
[PlyCount "64"]
[EventDate "2015.07.04"]
[EventType "swiss"]
[EventRounds "9"]
[EventCountry "CZE"]
[SourceTitle "CBM 167 Extra"]
[Source "ChessBase"]
[SourceDate "2015.09.14"]
[SourceVersion "1"]
[SourceVersionDate "2015.09.14"]
[SourceQuality "1"]

1. e4 e6 2. d3 d5 3. Nd2 Nf6 4. f4 dxe4 5. dxe4 Bc5 6. e5 Nd5 7. Ne4 Qe7 8. Qe2 Bd7 9. c4 Bb4+ 10. Kf2 Bc5+ 11. Nxc5 Qxc5+ 12. Be3 Nxe3 13. Qxe3 Qb4 14. b3 a5 15. Nf3 a4 16. Be2 0-0 17. Rhd1 axb3 18. axb3 Rxa1 19. Rxa1 Na6 20. Bd3 g6 21. Ng5 Bc6 22. Be4 Nc5 23. Bxc6 bxc6 24. Rd1 h6 25. Ne4 Nxe4+ 26. Qxe4 Qxb3 27. Rd3 Qb6+ 28. Kg3 Ra8 29. Qe2 Qc5 30. Qd2 Kg7 31. Rd8 Ra3+ 32. Rd3 Qd4 0-1

[Event "Vsetin op 40th"]
[Site "Vsetin"]
[Date "2015.07.04"]
[Round "1"]
[White "Lorencova, Vera"]
[Black "Belunek, Vladimir"]
[Result "0-1"]
[WhiteElo "1917"]
[BlackElo "2242"]
[PlyCount "66"]
[EventDate "2015.07.04"]
[EventType "swiss"]
[EventRounds "9"]
[EventCountry "CZE"]
[SourceTitle "CBM 167 Extra"]
[Source "ChessBase"]
[SourceDate "2015.09.14"]
[SourceVersion "1"]
[SourceVersionDate "2015.09.14"]
[SourceQuality "1"]

1. e4 c5 2. Nc3 Nc6 3. g3 g6 4. Bg2 Bg7 5. d3 Rb8 6. Be3 d6 7. Qd2 b5 8. Nge2 b4 9. Nd1 Nd4 10. 0-0 h5 11. c3 Nxe2+ 12. Qxe2 h4 13. d4 bxc3 14. bxc3 Qa5 15. e5 cxd4 16. Bc6+ Kf8 17. cxd4 Ba6 18. Qg4 Bxf1 19. Rb1 Qd8 20. Rxb8 Qxb8 21. Kxf1 dxe5 22. d5 hxg3 23. Bxa7 Nf6 24. Bxb8 Nxg4 25. hxg3 e4 26. d6 exd6 27. Bxd6+ Kg8 28. a4 Kh7 29. a5 Rd8 30. Bf4 Rxd1+ 31. Ke2 Ra1 32. Bd2 f5 33. Bb7 Bd4 0-1

[Event "Nachod op 11th"]
[Site "Nachod"]
[Date "2013.07.04"]
[Round "6"]
[White "Lorencova, Vera"]
[Black "Novotny, Michal"]
[Result "0-1"]
[WhiteElo "1940"]
[BlackElo "2293"]
[PlyCount "48"]
[EventDate "2013.06.29"]
[EventType "swiss"]
[EventRounds "9"]
[EventCountry "CZE"]
[SourceTitle "CBM 155 Extra"]
[Source "ChessBase"]
[SourceDate "2013.08.26"]
[SourceVersion "1"]
[SourceVersionDate "2013.08.26"]
[SourceQuality "1"]

1. e4 c5 2. Nc3 Nc6 3. g3 d6 4. Bg2 e5 5. d3 Be7 6. Nge2 Nf6 7. 0-0 Bd7 8. f4 h5 9. f5 h4 10. gxh4 Rxh4 11. Bg5 Rh7 12. Bxf6 Bxf6 13. Nd5 Bg5 14. c3 Ne7 15. Nxe7 Qxe7 16. Rf3 0-0-0 17. b4 cxb4 18. cxb4 Kb8 19. a4 g6 20. b5 gxf5 21. exf5 d5 22. Nc3 Qc5+ 23. d4 exd4 24. Qe1 dxc3+ 0-1

[Event "Karlovy Vary op"]
[Site "Karlovy Vary"]
[Date "2011.05.03"]
[Round "8"]
[White "Lorencova, Vera"]
[Black "Janousek, Ladislav"]
[Result "1-0"]
[WhiteElo "1994"]
[BlackElo "1696"]
[PlyCount "61"]
[EventDate "2011.04.28"]
[EventType "swiss"]
[EventRounds "8"]
[EventCountry "CZE"]
[SourceTitle "CBM 142 Extra"]
[Source "ChessBase"]
[SourceDate "2011.06.27"]
[SourceVersion "1"]
[SourceVersionDate "2011.06.27"]
[SourceQuality "1"]

1. e4 d6 2. d4 g6 3. Be3 Bg7 4. Nc3 Nf6 5. f3 0-0 6. Qd2 Nbd7 7. Bh6 c5 8. d5 a6 9. h4 Ne5 10. 0-0-0 b5 11. g4 Qa5 12. h5 Bxh6 13. Qxh6 g5 14. Qxg5+ Kh8 15. Qe3 Bxg4 16. fxg4 Nfxg4 17. Qe1 b4 18. Nb1 Qxa2 19. Rh4 Rg8 20. Qd2 a5 21. Be2 Nf6 22. Nf3 Nc4 23. Bxc4 Qxc4 24. e5 Rg4 25. Rxg4 Nxg4 26. exd6 exd6 27. Rg1 Re8 28. Re1 Rg8 29. Ng5 Ne5 30. h6 Rxg5 31. Qxg5 1-0

[Event "Pardubice KV op"]
[Site "Pardubice"]
[Date "2010.??.??"]
[Round "3"]
[White "Lorencova, Vera"]
[Black "Spreer, Lutz"]
[Result "1-0"]
[WhiteElo "1990"]
[BlackElo "1670"]
[PlyCount "81"]
[EventDate "2010.07.??"]
[EventType "swiss"]
[EventRounds "7"]
[EventCountry "CZE"]
[SourceTitle "EXT 2012"]
[Source "ChessBase"]
[SourceDate "2011.11.24"]
[SourceVersion "1"]
[SourceVersionDate "2011.11.24"]
[SourceQuality "1"]

1. e4 d5 2. exd5 Nf6 3. d4 Nxd5 4. c4 Nb6 5. Nc3 g6 6. Nf3 Bg7 7. c5 Nd5 8. Bc4 Nxc3 9. bxc3 0-0 10. 0-0 Nc6 11. Bg5 Na5 12. Bd3 f6 13. Bf4 Re8 14. Re1 Bg4 15. Bd2 e5 16. c4 Nc6 17. d5 Nd4 18. Be2 Nxe2+ 19. Rxe2 e4 20. h3 Bxf3 21. gxf3 f5 22. Rc1 Qh4 23. fxe4 Rxe4 24. Rxe4 Qxe4 25. Qe1 Qf3 26. Qe3 Qh5 27. d6 f4 28. Qe6+ Kh8 29. d7 Qg5+ 30. Kh2 Rf8 31. Qd5 Be5 32. Qf3 Rd8 33. Re1 Rxd7 34. Rxe5 Qd8 35. Bc3 Kg8 36. Qg4 Rf7 37. Qe6 Kf8 38. Rd5 Qb8 39. Qe5 Qe8 40. Qh8+ Ke7 41. Re5+ 1-0

[Event "Pardubice KV op"]
[Site "Pardubice"]
[Date "2010.??.??"]
[Round "6"]
[White "Valenta, Petr"]
[Black "Lorencova, Vera"]
[Result "1-0"]
[WhiteElo "1965"]
[BlackElo "1990"]
[PlyCount "63"]
[EventDate "2010.07.??"]
[EventType "swiss"]
[EventRounds "7"]
[EventCountry "CZE"]
[SourceTitle "EXT 2012"]
[Source "ChessBase"]
[SourceDate "2011.11.24"]
[SourceVersion "1"]
[SourceVersionDate "2011.11.24"]
[SourceQuality "1"]

1. d4 Nf6 2. c4 g6 3. e3 Bg7 4. Be2 d6 5. Nc3 0-0 6. h4 e5 7. h5 Nc6 8. d5 Ne7 9. e4 Ne8 10. g4 f5 11. hxg6 hxg6 12. gxf5 gxf5 13. Bg5 Nf6 14. Bxf6 Rxf6 15. Nf3 Ng6 16. Qd2 Nf4 17. 0-0-0 Nxe2+ 18. Qxe2 Rh6 19. Rhg1 Qf6 20. Rg2 fxe4 21. Nxe4 Qf4+ 22. Nfd2 Bh3 23. Rg3 Rf8 24. Rdg1 Rf7 25. Ng5 Re7 26. Nxh3 Qd4 27. Qe4 Qc5 28. Ng5 Qxf2 29. Ne6 Rh7 30. Qg6 Rh2 31. Qg5 Kh8 32. Nxg7 1-0

[Event "Tabor op"]
[Site "Tabor"]
[Date "2008.07.27"]
[Round "1"]
[White "Lechtynsky, Jiri"]
[Black "Lorencova, Vera"]
[Result "1-0"]
[WhiteElo "2451"]
[BlackElo "1959"]
[PlyCount "61"]
[EventDate "2008.07.26"]
[EventType "swiss"]
[EventRounds "9"]
[EventCountry "CZE"]
[SourceTitle "CBM 125 Extra"]
[Source "ChessBase"]
[SourceDate "2008.09.01"]
[SourceVersion "1"]
[SourceVersionDate "2008.09.01"]
[SourceQuality "1"]

1. e4 d5 2. exd5 Nf6 3. Nf3 Nxd5 4. d4 g6 5. Be2 Bg7 6. 0-0 0-0 7. c4 Nb6 8. Nc3 Nc6 9. Be3 Bg4 10. c5 Nd5 11. h3 Bf5 12. Qb3 Nxc3 13. bxc3 Rb8 14. Rad1 e6 15. g4 Be4 16. Nd2 Bd5 17. c4 Nxd4 18. Bxd4 Bxd4 19. cxd5 exd5 20. Nf3 Bxc5 21. Rxd5 Bd6 22. Rfd1 Qf6 23. R1d4 Rfe8 24. Bc4 Re6 25. Kg2 b6 26. Qd1 h6 27. g5 hxg5 28. Nxg5 Re5 29. Nxf7 Rxd5 30. Rxd5 Bc5 31. Qf3 1-0